[Event "Aerosvit GM"]
[Site "Foros UKR"]
[Date "2006.06.17"]
[Round "1"]
[White "Areshchenko, A."]
[Black "Ivanchuk, V."]
[Result "1/2-1/2"]
[WhiteElo "2660"]
[BlackElo "2731"]
[PlyCount "63"]
[EventDate "2006.06.17"]

1. e4 c5 2. Nf3 e6 3. d4 cxd4 4. Nxd4 a6 5. Nc3 Qc7 6. Bd3 Nf6 7. O-O d6 8. f4
b5 9. a3 Bb7 10. Kh1 Nbd7 11. Qf3 Be7 12. f5 e5 13. Nde2 h5 14. Bg5 Ng4 15. Bd2
Ndf6 16. h3 d5 17. Be1 Rd8 18. Bg3 Qb6 19. exd5 Rxd5 20. Ne4 Rd7 21. N2c3 h4
22. Be1 Nxe4 23. Nxe4 Nf6 24. Bc3 Qc7 25. Rae1 O-O 26. Nxf6+ Bxf6 27. Qg4 Rfd8
28. Re3 Rd5 29. Rfe1 Rc5 30. Bb4 Rcd5 31. Bc3 Rc5 32. Bb4 1/2-1/2

[Event "Aerosvit GM"]
[Site "Foros UKR"]
[Date "2006.06.17"]
[Round "1"]
[White "Shirov, A."]
[Black "Grischuk, A."]
[Result "1/2-1/2"]
[WhiteElo "2699"]
[BlackElo "2719"]
[PlyCount "63"]
[EventDate "2006.06.17"]

1. e4 e5 2. Nf3 Nc6 3. Bb5 a6 4. Ba4 Nf6 5. O-O Be7 6. Re1 b5 7. Bb3 O-O 8. h3
Bb7 9. d3 d6 10. a3 Na5 11. Ba2 c5 12. Nbd2 Nc6 13. Nf1 Bc8 14. Ne3 Be6 15. Bd5
Qd7 16. c3 Bd8 17. b4 cxb4 18. axb4 Bb6 19. Qb3 h6 20. Bd2 a5 21. Bxe6 Qxe6 22.
Qxe6 fxe6 23. bxa5 Bxa5 24. Reb1 Rfb8 25. Ra2 Ra7 26. Nc2 Nd7 27. d4 Nf6 28.
dxe5 Nxe4 29. exd6 Bb6 30. Rxa7 Bxf2+ 31. Kf1 Bxa7 32. d7 1/2-1/2

[Event "Aerosvit GM"]
[Site "Foros UKR"]
[Date "2006.06.17"]
[Round "1"]
[White "Volokitin, And"]
[Black "Ponomariov, R."]
[Result "1-0"]
[WhiteElo "2660"]
[BlackElo "2738"]
[PlyCount "125"]
[EventDate "2006.06.17"]

1. e4 e5 2. Nf3 Nc6 3. Bb5 a6 4. Ba4 Nf6 5. O-O Be7 6. Re1 b5 7. Bb3 O-O 8. c3
d5 9. exd5 Nxd5 10. Nxe5 Nxe5 11. Rxe5 c6 12. d4 Bd6 13. Re1 Qh4 14. g3 Qh3 15.
Re4 g5 16. Qf1 Qxf1+ 17. Kxf1 h6 18. Nd2 Bf5 19. Re1 Rae8 20. Nf3 Bh3+ 21. Kg1
Bg4 22. Ne5 f6 23. Nd3 Bf5 24. Rd1 Bg4 25. Rd2 Kg7 26. a4 Nb6 27. axb5 axb5 28.
Bd1 Bf5 29. Bf3 Ra8 30. Rxa8 Rxa8 31. Rd1 Ra1 32. Ne1 c5 33. dxc5 Bxc5 34. b4
Na4 35. Bd2 Rxd1 36. Bxd1 Bd6 37. Be2 Bd7 38. Nc2 Be5 39. c4 bxc4 40. Bxc4 Bf5
41. Ne3 Be4 42. Bb3 Nb6 43. Bc2 Bxc2 44. Nxc2 Nc4 45. Be3 f5 46. Bd4 Kf6 47. f4
gxf4 48. gxf4 Bxd4+ 49. Nxd4 Ne3 50. b5 Nd5 51. h4 Ke7 52. Nxf5+ Ke6 53. Nxh6
Nxf4 54. Kf2 Ng6 55. Kg3 Kd5 56. h5 Nf8 57. Ng4 Kc5 58. Ne5 Kxb5 59. h6 Nh7 60.
Kf4 Kc5 61. Kf5 Kd5 62. Nd7 Kd6 63. Kg6 1-0